<?xml version="1.0" encoding="UTF-8"?>
<collection xmlns="http://www.loc.gov/MARC21/slim">
<record>
  <controlfield tag="001">166772</controlfield>
  <controlfield tag="005">20260121131139.0</controlfield>
  <datafield tag="037" ind1=" " ind2=" ">
    <subfield code="a">TAZ-TFG-2025-2594</subfield>
  </datafield>
  <datafield tag="041" ind1=" " ind2=" ">
    <subfield code="a">spa</subfield>
  </datafield>
  <datafield tag="100" ind1="1" ind2=" ">
    <subfield code="a">Mebrour Ezzahraoui, Yasin</subfield>
  </datafield>
  <datafield tag="242" ind1="0" ind2="0">
    <subfield code="a">Design and Optimization of a Drying Chamber as a Cold Battery Using a Digital Twin</subfield>
  </datafield>
  <datafield tag="245" ind1="0" ind2="0">
    <subfield code="a">Diseño y Optimización de una Cámara de Secado mediante un Gemelo Digital</subfield>
  </datafield>
  <datafield tag="260" ind1=" " ind2=" ">
    <subfield code="a">Zaragoza</subfield>
    <subfield code="b">Universidad de Zaragoza</subfield>
    <subfield code="c">2025</subfield>
  </datafield>
  <datafield tag="500" ind1=" " ind2=" ">
    <subfield code="a">Resumen disponible también en inglés en la memoria.</subfield>
  </datafield>
  <datafield tag="506" ind1=" " ind2=" ">
    <subfield code="a">by-nc-sa</subfield>
    <subfield code="b">Creative Commons</subfield>
    <subfield code="c">3.0</subfield>
    <subfield code="u">http://creativecommons.org/licenses/by-nc-sa/3.0/</subfield>
  </datafield>
  <datafield tag="520" ind1=" " ind2=" ">
    <subfield code="a">La electricidad es uno de los recursos más importantes en la sociedad actual. Su uso eficiente no solo reduce costes, sino que también ayuda a limitar el impacto ambiental. En un momento en el que los precios de la energía varían a lo largo del día y la demanda sigue creciendo, contar con sistemas que permitan balancear y reducir el consumo se vuelve cada vez más necesario.&lt;br />En los entornos industriales, las cámaras de frío y de secado juegan un papel clave en la producción y mantenimiento de muchos productos. Se trata de equipos que consumen una cantidad considerable de energía, por lo que mejorar su gestión puede suponer un ahorro importante. Actualmente, este control suele hacerse de forma manual, basándose en la experiencia del operario o en horarios fijos, sin tener en cuenta el estado real del sistema ni los cambios en el precio de la electricidad. Aunque existen herramientas que permiten ver el estado de la cámara, pocas ayudan a planificar el funcionamiento de forma automática y adaptada a cada situación.&lt;br />Este trabajo presenta un sistema digital conectado a la cámara de secado, que permite planificar su funcionamiento teniendo en cuenta el precio de la luz, el estado de la cámara, las tarifas contratadas y el consumo general de la planta. Para lograrlo, se ha usado un modelo que aprende a partir de datos reales y es capaz de anticipar cómo se comportará la cámara en las próximas horas.&lt;br />Además de planificar el uso de energía, el sistema permite monitorizar su estado, detectar fallos y guardar un historial completo del funcionamiento. El modelo utilizado combina distintos tipos de predicción y consigue un error medio entre el 5 y el 10% para un día completo.&lt;br />Las pruebas realizadas muestran que el sistema puede reducir el gasto energético de la cámara hasta en un 35%, tanto en simulaciones como en pruebas reales.&lt;br />&lt;br /></subfield>
  </datafield>
  <datafield tag="521" ind1=" " ind2=" ">
    <subfield code="a">Graduado en Ingeniería Informática</subfield>
  </datafield>
  <datafield tag="540" ind1=" " ind2=" ">
    <subfield code="a">Derechos regulados por licencia Creative Commons</subfield>
  </datafield>
  <datafield tag="856" ind1="0" ind2=" ">
    <subfield code="f">840858@unizar.es</subfield>
  </datafield>
  <datafield tag="856" ind1="4" ind2=" ">
    <subfield code="s">4158918</subfield>
    <subfield code="u">http://zaguan.unizar.es/record/166772/files/TAZ-TFG-2025-2594.pdf</subfield>
    <subfield code="y">Memoria (spa)</subfield>
  </datafield>
  <datafield tag="909" ind1="C" ind2="O">
    <subfield code="o">oai:zaguan.unizar.es:166772</subfield>
    <subfield code="p">driver</subfield>
    <subfield code="p">trabajos-fin-grado</subfield>
  </datafield>
  <datafield tag="950" ind1=" " ind2=" ">
    <subfield code="a"></subfield>
  </datafield>
  <datafield tag="691" ind1=" " ind2=" ">
    <subfield code="a">7 9 12</subfield>
  </datafield>
  <datafield tag="692" ind1=" " ind2=" ">
    <subfield code="a">El trabajo contribuye a varios Objetivos de Desarrollo Sostenible. En el ODS 7, promueve el uso eficiente y económico de la energía mediante la planificación inteligente del consumo. En el ODS 9, introduce una solución digital innovadora que aplica modelos predictivos en un entorno industrial real. Respecto al ODS 12, fomenta una producción más sostenible al reducir consumos innecesarios y optimizar los recursos disponibles. Finalmente, en el ODS 13, ayuda a mitigar el impacto ambiental al disminuir las emisiones indirectas derivadas del uso energético descontrolado.</subfield>
  </datafield>
  <datafield tag="700" ind1=" " ind2=" ">
    <subfield code="a">Sangüesa Escorihuela, Julio A.</subfield>
    <subfield code="e">dir.</subfield>
  </datafield>
  <datafield tag="710" ind1="2" ind2=" ">
    <subfield code="a">Universidad de Zaragoza</subfield>
    <subfield code="b">Informática e Ingeniería de Sistemas</subfield>
    <subfield code="c">Lenguajes y Sistemas Informáticos</subfield>
  </datafield>
  <datafield tag="980" ind1=" " ind2=" ">
    <subfield code="a">TAZ</subfield>
    <subfield code="b">TFG</subfield>
    <subfield code="c">POLTER</subfield>
  </datafield>
  <datafield tag="999" ind1=" " ind2=" ">
    <subfield code="a">20250612171710.CREATION_DATE</subfield>
  </datafield>
  <datafield tag="951" ind1=" " ind2=" ">
    <subfield code="a">deposita:2026-01-21</subfield>
  </datafield>
</record>
</collection>